personajes de anime - Estadísticas

Estadísticas generales
  • Esta prueba ha sido intentada 121 veces
  • La puntuación promedio es 13 de 16
Estadísticas de respuestas
Imagen Respuesta % Correcto
eren
98%
goku
98%
vegeta
97%
mikasa
96%
levi
95%
gojo
93%
deku
90%
bakugo
88%
tanjiro
85%
Itadori
82%
Nezuko
80%
todoroki
75%
Megumi
72%
Zenitsu
72%
momo
61%
Jin Woo
48%
No se encontraron pruebas coincidentes
Distribución de puntuación
Porcentaje de gente con cada puntuación
Porcentaje por número respondido
Historial de tus puntuaciones
No has intentado esta prueba.